000 02067nam0a2200349 4500
001 RU\NLR\BIBL_A\011828139
005 20220728140914.0
010 _a978-5-7679-4136-0
_9100
021 _aRU
_bКН-П-18-069509
_9КН-П-18-4993
035 _a(NLR Aleph) 011828139
035 _a(RuMoRGB)009745219
090 _a11996747
_c11996747
100 _a20181019d2018 u y0rusy50 ca
101 0 _arus
_aeng
102 _aRU
105 _a c||j|||000zy
200 1 _aRead, reflect and review
_dЧитай, переводи и анализируй: формируем профессиональные компетенции переводчика
_e[учебное пособие]
_fМинистерство образования и науки Российской Федерации, Федеральное государственное бюджетное образовательное учреждение высшего образования "Тульский государственный университет"
_g[Бобрикова О.С.]
_zrus
210 _aТула
_cИзд-во ТулГУ
_d2018
215 _a211 с.
_cил., портр.
_d21
300 _aТекст рус., англ.
510 1 _aЧитай, переводи и анализируй: формируем профессиональные компетенции переводчика
_zrus
606 1 _aАнглийский язык
_xПеревод
_xРусский язык
_jУчебные издания для высших учебных заведений
_2nlr_sh2
_3RU\NLR\AUTH\6645509
686 1 _aШ143.21-93рус3-77
686 1 _aШ141.12-77я7
702 1 _aБобрикова
_bО. С.
_cканд. пед. наук
_gОльга Сергеевна
_3RU\NLR\AUTH\770189949
_4220
712 0 2 _aТульский государственный университет
_3RU\NLR\AUTH\889921029
_4475
942 _cBOOK
980 _aNBR
980 _aNB